[Event "Serbia-chT2"]
[Site "Belgrade"]
[Date "2003.09.30"]
[Round "4"]
[White "Pantos, Nenad"]
[Black "Vucenovic, Lazar"]
[Result "1-0"]
[WhiteElo "2264"]
[BlackElo "2118"]
[PlyCount "89"]
[EventDate "2003.09.27"]
[EventType "team"]
[EventRounds "9"]
[EventCountry "YUG"]
[SourceTitle "CBM 096 Extra"]
[Source "ChessBase"]
[SourceDate "2003.10.22"]
[SourceVersion "2"]
[SourceVersionDate "2003.10.20"]
[SourceQuality "1"]

1. e4 g6 2. d4 Bg7 3. Nc3 d6 4. Bc4 Nf6 5. Nf3 0-0 6. Qe2 c6 7. Bb3 Bg4 8. h3 Bxf3 9. Qxf3 e5 10. dxe5 dxe5 11. 0-0 Nbd7 12. a4 Nc5 13. Bc4 Qd4 14. Bd3 Nxd3 15. cxd3 b6 16. Qe2 Nd7 17. Be3 Qd6 18. Rfd1 Rfd8 19. Qc2 Nf8 20. Ne2 Ne6 21. Rac1 c5 22. Nc3 Qf8 23. Nd5 Bh6 24. Qc4 Bg7 25. a5 Rab8 26. axb6 axb6 27. Ra1 Rd6 28. Ra7 Kh8 29. Rda1 f5 30. f3 fxe4 31. dxe4 b5 32. Qc2 c4 33. Qf2 Qd8 34. Rf7 Ra8 35. Rxa8 Qxa8 36. Qh4 Qe8 37. Rb7 Nd4 38. Bg5 Qa8 39. Rf7 Qa1+ 40. Kh2 Ne2 41. Be3 h6 42. Rxg7 Kxg7 43. Qe7+ Kg8 44. Qxd6 Qe1 45. Qxg6+ 1-0

[Event "Belgrade Jezero op 09th"]
[Site "Belgrade"]
[Date "2003.08.18"]
[Round "5"]
[White "Pantos, Nenad"]
[Black "Petrovic, Zoran Z"]
[Result "1/2-1/2"]
[WhiteElo "2264"]
[BlackElo "2147"]
[PlyCount "35"]
[EventDate "2003.08.14"]
[EventType "swiss"]
[EventRounds "9"]
[EventCountry "YUG"]
[SourceTitle "EXT 2004"]
[Source "ChessBase"]
[SourceDate "2003.11.25"]
[SourceVersion "1"]
[SourceVersionDate "2003.11.25"]
[SourceQuality "1"]

1. e4 c5 2. d4 cxd4 3. c3 dxc3 4. Nxc3 Nc6 5. Nf3 d6 6. Bc4 e6 7. 0-0 a6 8. Qe2 b5 9. Bb3 Ra7 10. Be3 Rd7 11. Na4 bxa4 12. Bxa4 Bb7 13. Rac1 Qa8 14. Rc2 Be7 15. Rfc1 Nb8 16. Rc8+ Bxc8 17. Rxc8+ Bd8 18. Bc6 1/2-1/2

[Event "YUG Cup"]
[Site "Ulcinj"]
[Date "1998.??.??"]
[Round "2"]
[White "Pantos, Nenad"]
[Black "Zlatic, Mihailo"]
[Result "1/2-1/2"]
[WhiteElo "2255"]
[BlackElo "2375"]
[PlyCount "130"]
[EventDate "1998.??.??"]
[EventType "team"]
[EventRounds "7"]
[EventCountry "YUG"]
[SourceTitle "EXT 1999"]
[Source "ChessBase"]
[SourceDate "1998.11.16"]
[SourceVersion "1"]
[SourceVersionDate "1998.11.16"]
[SourceQuality "1"]

1. e4 Nf6 2. Nc3 d5 3. exd5 Nxd5 4. Bc4 c6 5. Nf3 Bg4 6. h3 Bh5 7. d4 e6 8. 0-0 Be7 9. Ne4 Nd7 10. Be2 Qc7 11. Re1 0-0 12. c4 Nf4 13. Bf1 Bxf3 14. Qxf3 Ng6 15. Ng3 Nf6 16. Bd2 Rad8 17. Bc3 Rd7 18. Bd3 Rfd8 19. Rad1 c5 20. dxc5 Nh4 21. Qe2 Bxc5 22. Be5 Qc6 23. Ne4 Be7 24. Nxf6+ gxf6 25. Be4 Qc5 26. Rxd7 Rxd7 27. Bc3 Ng6 28. b4 Qg5 29. Qe3 Nf4 30. Qg3 Qxg3 31. fxg3 Ng6 32. c5 f5 33. Bc2 Rc7 34. Ba4 a6 35. Rd1 Nf8 36. Be5 Rc8 37. a3 f6 38. Bd6 Kf7 39. Bxe7 Kxe7 40. Rd6 Rc7 41. Kf2 a5 42. Ke3 axb4 43. axb4 Ng6 44. Kd4 f4 45. b5 Rd7 46. Rxd7+ Kxd7 47. gxf4 Nxf4 48. Bc2 h6 49. Be4 Kc8 50. Ke3 Nh5 51. Kd4 Kc7 52. b6+ Kc8 53. c6 bxc6 54. Kc5 f5 55. Bxc6 e5 56. Kd5 e4 57. Ke5 e3 58. Bf3 Ng3 59. Kf4 e2 60. Bxe2 Nxe2+ 61. Kxf5 Ng3+ 62. Kg6 h5 63. Kg5 Kb7 64. Kh4 Ne2 65. Kxh5 Nf4+ 1/2-1/2

[Event "YUG-chT"]
[Site "Niksic"]
[Date "1997.??.??"]
[Round "3"]
[White "Certic, Branimir"]
[Black "Pantos, Nenad"]
[Result "1-0"]
[WhiteElo "2435"]
[BlackElo "2265"]
[PlyCount "67"]
[EventDate "1997.08.27"]
[EventType "team"]
[EventRounds "11"]
[EventCountry "YUG"]
[SourceTitle "CBM 059 Extra"]
[Source "ChessBase"]
[SourceDate "1997.09.26"]
[SourceVersion "1"]
[SourceVersionDate "1997.09.26"]
[SourceQuality "1"]

1. e4 e5 2. Nf3 Nc6 3. Nc3 Nf6 4. Bb5 Nd4 5. Bd3 Bc5 6. Nxe5 0-0 7. 0-0 d6 8. Nf3 Bg4 9. Be2 Nxe2+ 10. Qxe2 Re8 11. d3 d5 12. h3 dxe4 13. hxg4 exf3 14. Qxf3 c6 15. Bg5 Be7 16. Rfe1 Nd7 17. Bxe7 Rxe7 18. Ne4 Re6 19. Re3 Qb6 20. b3 Nf8 21. Rae1 Qa5 22. a4 Rae8 23. c3 Qc7 24. d4 h6 25. c4 Nh7 26. d5 cxd5 27. cxd5 Re5 28. d6 Qd7 29. Rc1 Rd8 30. Rc7 Qe6 31. Rxb7 f6 32. Rxa7 Qd5 33. Ng3 Qc5 34. Qb7 1-0

[Event "YUG-chT"]
[Site "Tivat"]
[Date "1995.??.??"]
[Round "3"]
[White "Micic, Cedomir"]
[Black "Pantos, Nenad"]
[Result "1/2-1/2"]
[WhiteElo "2350"]
[BlackElo "2275"]
[PlyCount "99"]
[EventDate "1995.??.??"]
[EventType "team-swiss"]
[EventRounds "11"]
[EventCountry "YUG"]
[SourceTitle "CBM 048 Extra"]
[Source "ChessBase"]
[SourceDate "1995.11.01"]
[SourceVersion "1"]
[SourceVersionDate "1995.11.01"]
[SourceQuality "1"]

1. c4 f5 2. d4 Nf6 3. g3 g6 4. Bg2 Bg7 5. Nf3 0-0 6. 0-0 d6 7. Nc3 Qe8 8. b3 e5 9. dxe5 dxe5 10. e4 f4 11. Nd5 Na6 12. Ba3 Rf7 13. Ng5 Rd7 14. Bh3 Rxd5 15. cxd5 Bxh3 16. Nxh3 Nxe4 17. Re1 Nc3 18. Qg4 fxg3 19. Qxg3 e4 20. Bb2 Nxd5 21. Bxg7 Kxg7 22. Ng5 e3 23. fxe3 h6 24. Nf3 Nc5 25. Rad1 Ne4 26. Qg2 c6 27. Rd4 Qe6 28. Nd2 Nd6 29. Nc4 Nf5 30. Re4 Qf6 31. Ne5 Re8 32. Nc4 Qc3 33. Rf1 Rxe4 34. Qxe4 h5 35. Qe5+ Qxe5 36. Nxe5 Ndxe3 37. Re1 Kf6 38. Nc4 Nd5 39. Re8 g5 40. Na5 g4 41. Nxb7 h4 42. Nc5 Nd4 43. Re4 Nf3+ 44. Kg2 Kf5 45. Re8 Nf4+ 46. Kf2 Nxh2 47. Rf8+ Ke5 48. Nd7+ Ke4 49. Nc5+ Ke5 50. Nd7+ 1/2-1/2

[Event "YUG-chT"]
[Site "Tivat"]
[Date "1995.??.??"]
[Round "2"]
[White "Pantos, Nenad"]
[Black "Ivanisevic, Ivan"]
[Result "1-0"]
[WhiteElo "2275"]
[BlackElo "2315"]
[PlyCount "89"]
[EventDate "1995.??.??"]
[EventType "team-swiss"]
[EventRounds "11"]
[EventCountry "YUG"]
[SourceTitle "CBM 048 Extra"]
[Source "ChessBase"]
[SourceDate "1995.11.01"]
[SourceVersion "1"]
[SourceVersionDate "1995.11.01"]
[SourceQuality "1"]

1. e4 d6 2. d4 Nf6 3. Nc3 e5 4. Nf3 Nbd7 5. Bc4 Be7 6. 0-0 0-0 7. Re1 c6 8. a4 a5 9. b3 h6 10. Bb2 Nh7 11. dxe5 dxe5 12. Ne2 Qc7 13. Ng3 g6 14. h4 Kg7 15. Qd2 Bb4 16. c3 Bc5 17. Bc1 Ndf6 18. b4 Ba7 19. Qxh6+ Kh8 20. Ng5 Bxf2+ 21. Kf1 Bxg3 22. Re3 Bf4 23. Rf3 Bxg5 24. hxg5 Ng8 25. Qh2 Be6 26. Bxe6 fxe6 27. Ke2 Rxf3 28. gxf3 c5 29. c4 Kg7 30. Bb2 Kf8 31. Bxe5 Qf7 32. Bd6+ Ke8 33. Qe5 cxb4 34. Rh1 Ne7 35. Rh4 Nf8 36. Qb5+ Nd7 37. Rh8+ Ng8 38. Be5 Rd8 39. Bf6 Rc8 40. Qxb7 Rb8 41. Qc6 b3 42. Qd6 Ndxf6 43. Qxb8+ Ke7 44. gxf6+ Qxf6 45. Rh7+ 1-0

[Event "YUG-chT"]
[Site "Tivat"]
[Date "1995.??.??"]
[Round "5"]
[White "Savic, Miodrag"]
[Black "Pantos, Nenad"]
[Result "1-0"]
[WhiteElo "2200"]
[BlackElo "2275"]
[PlyCount "47"]
[EventDate "1995.??.??"]
[EventType "team-swiss"]
[EventRounds "11"]
[EventCountry "YUG"]
[SourceTitle "CBM 048 Extra"]
[Source "ChessBase"]
[SourceDate "1995.11.01"]
[SourceVersion "1"]
[SourceVersionDate "1995.11.01"]
[SourceQuality "1"]

1. e4 e5 2. Nf3 Nc6 3. Bb5 a6 4. Ba4 Nf6 5. 0-0 b5 6. Bb3 Bb7 7. Re1 Bc5 8. c3 d6 9. d3 Qe7 10. a4 h6 11. Nbd2 0-0-0 12. axb5 axb5 13. Ba2 Nh5 14. Qb3 Nf4 15. Qxb5 g5 16. Bd5 Nxd5 17. exd5 Nb8 18. b4 Bxf2+ 19. Kxf2 g4 20. Ra7 c6 21. Qxc6+ Bxc6 22. Rxe7 gxf3 23. gxf3 Rh7 24. Nc4 1-0

[Event "YUG-chT Cup"]
[Site "Becici"]
[Date "1994.??.??"]
[Round "?"]
[White "Pantos, Nenad"]
[Black "Popov, Luben"]
[Result "1/2-1/2"]
[WhiteElo "2265"]
[BlackElo "2395"]
[PlyCount "114"]
[EventDate "1994.??.??"]
[EventType "team"]
[EventRounds "6"]
[EventCountry "YUG"]
[SourceTitle "EXT 2000"]
[Source "ChessBase"]
[SourceDate "1999.11.16"]
[SourceVersion "1"]
[SourceVersionDate "1999.11.16"]
[SourceQuality "1"]

1. e4 c5 2. d4 cxd4 3. c3 dxc3 4. Nxc3 e6 5. Nf3 a6 6. a4 Nc6 7. Bc4 Nge7 8. h4 Ng6 9. h5 Nge5 10. Nxe5 Nxe5 11. Be2 Be7 12. 0-0 d6 13. Be3 0-0 14. f4 Nc6 15. Qe1 Nb4 16. Qf2 Nc2 17. Bb6 Bh4 18. Bxd8 Bxf2+ 19. Kxf2 Rxd8 20. Rad1 Kf8 21. Rd2 Nb4 22. Rfd1 Ke7 23. a5 Rb8 24. g4 Nc6 25. h6 gxh6 26. Rh1 Nxa5 27. Rxh6 Bd7 28. f5 Be8 29. f6+ Kd7 30. Rxh7 Nc6 31. g5 Ne5 32. Bh5 Kc6 33. Ne2 b5 34. b4 a5 35. bxa5 b4 36. Nd4+ Kc5 37. Nb3+ Kb5 38. Be2+ Kc6 39. Nd4+ Kc5 40. Nb3+ Kc6 41. Nd4+ Kc5 42. Rh1 b3 43. Rc1+ Kb4 44. a6 Ba4 45. Nxe6 fxe6 46. Rd4+ Ka5 47. a7 b2 48. axb8Q Rxb8 49. Rb1 Bc2 50. Rxb2 Rxb2 51. Rxd6 Bd3 52. Rxd3 Nxd3+ 53. Ke3 Ne5 54. Bh5 Rg2 55. Kf4 Nd3+ 56. Ke3 Ne5 57. Kf4 Nd3+ 1/2-1/2

[Event "Belgrade op"]
[Site "Belgrade"]
[Date "1989.??.??"]
[Round "7"]
[White "Pantos, Nenad"]
[Black "Blagojevic, Dragisa"]
[Result "1-0"]
[WhiteElo "2270"]
[BlackElo "2400"]
[PlyCount "118"]
[EventDate "1989.11.??"]
[EventType "swiss"]
[EventRounds "9"]
[EventCountry "YUG"]
[SourceTitle "EXT 1997"]
[Source "ChessBase"]
[SourceDate "1996.11.15"]
[SourceVersion "1"]
[SourceVersionDate "1996.11.15"]
[SourceQuality "1"]

1. e4 e5 2. Nf3 Nc6 3. Bc4 Nf6 4. 0-0 Nxe4 5. Nc3 Nf6 6. d4 e4 7. Bg5 Be7 8. Bxf6 Bxf6 9. Nxe4 0-0 10. Re1 d6 11. Nxf6+ Qxf6 12. c3 Bg4 13. Be2 Rae8 14. Nd2 Bd7 15. Bd3 Rxe1+ 16. Qxe1 Re8 17. Qf1 Qf4 18. Nf3 Bg4 19. Re1 Re7 20. Rxe7 Nxe7 21. Qe1 Kf8 22. Nd2 Bf5 23. Qe2 Qg4 24. Qxg4 Bxg4 25. f3 Be6 26. a3 Nd5 27. Kf2 Ke7 28. c4 Nb6 29. Ke3 h6 30. d5 Bc8 31. b4 g6 32. Kd4 Nd7 33. c5 Ne5 34. Be2 g5 35. Ne4 Ng6 36. Nc3 Bd7 37. g3 Ne5 38. b5 b6 39. cxd6+ cxd6 40. Na2 Kd8 41. Nb4 Kc7 42. Nc6 Bxc6 43. dxc6 Ng6 44. Bc4 f5 45. Kd5 Ne5 46. Be2 h5 47. Ke6 g4 48. fxg4 fxg4 49. Kf6 Nf3 50. Kg6 h4 51. Kh5 hxg3 52. hxg3 Nd4 53. Bd3 Nf3 54. Be4 Nd2 55. Bf5 d5 56. Kxg4 a6 57. bxa6 Kxc6 58. Be6 b5 59. Bxd5+ Kb6 1-0

[Event "Belgrade op"]
[Site "Belgrade"]
[Date "1989.??.??"]
[Round "9"]
[White "Petronic, Jovan"]
[Black "Pantos, Nenad"]
[Result "1-0"]
[WhiteElo "2365"]
[BlackElo "2270"]
[PlyCount "85"]
[EventDate "1989.11.??"]
[EventType "swiss"]
[EventRounds "9"]
[EventCountry "YUG"]
[SourceTitle "EXT 1997"]
[Source "ChessBase"]
[SourceDate "1996.11.15"]
[SourceVersion "1"]
[SourceVersionDate "1996.11.15"]
[SourceQuality "1"]

1. e4 e5 2. Nf3 Nc6 3. Bb5 a6 4. Ba4 Nf6 5. 0-0 b5 6. Bb3 Bb7 7. c3 Nxe4 8. d4 Be7 9. Qe2 d5 10. dxe5 0-0 11. Rd1 Na5 12. Bc2 Qc8 13. Nbd2 Qf5 14. Re1 Nc4 15. Nxe4 dxe4 16. Bxe4 Bxe4 17. Qxe4 Qxe4 18. Rxe4 Rad8 19. Re1 Rd5 20. b3 Na3 21. Bxa3 Bxa3 22. Rad1 Rfd8 23. Rxd5 Rxd5 24. Kf1 Rd3 25. Re3 Rd1+ 26. Re1 Rd3 27. Re3 Rd1+ 28. Ne1 Bb2 29. c4 Ra1 30. g3 bxc4 31. bxc4 Rxa2 32. Re2 a5 33. Nd3 Ra1+ 34. Kg2 Bc3 35. Rc2 Ra3 36. Kf3 Bxe5 37. Ke4 Bf6 38. Nc5 c6 39. Nd7 Bd8 40. Rb2 f5+ 41. Kxf5 Bc7 42. Rb7 Bd6 43. Ke6 1-0

[Event "Novi Sad op"]
[Site "Novi Sad"]
[Date "1988.??.??"]
[Round "2"]
[White "Moskalenko, Viktor"]
[Black "Pantos, Nenad"]
[Result "1-0"]
[WhiteElo "2440"]
[BlackElo "2285"]
[PlyCount "42"]
[EventDate "1988.07.01"]
[EventType "swiss"]
[EventRounds "11"]
[EventCountry "YUG"]
[SourceTitle "EXT 1997"]
[Source "ChessBase"]
[SourceDate "1996.11.15"]
[SourceVersion "1"]
[SourceVersionDate "1996.11.15"]
[SourceQuality "1"]

1. d4 f5 2. g3 Nf6 3. Bg2 d6 4. Nf3 c6 5. 0-0 Qc7 6. c4 e5 7. c5 Nbd7 8. Ng5 dxc5 9. Qb3 c4 10. Qxc4 Nb6 11. Qb3 exd4 12. Bf4 Qe7 13. Rd1 Nfd5 14. Rxd4 Qf6 15. Bxd5 Nxd5 16. Rxd5 cxd5 17. Nc3 Be6 18. Qxb7 Rd8 19. Nb5 Bd6 20. Qc6+ Bd7 21. Nxd6+ Ke7 1-0

[Event "YUG-chT 38th"]
[Site "Sibenik"]
[Date "1986.??.??"]
[Round "?"]
[White "Pantos, Nenad"]
[Black "Arapovic, Vitomir"]
[Result "0-1"]
[WhiteElo "2340"]
[BlackElo "2405"]
[PlyCount "74"]
[EventDate "1986.??.??"]
[EventType "team"]
[EventRounds "9"]
[EventCountry "YUG"]
[SourceTitle "EXT 2009"]
[Source "ChessBase"]
[SourceDate "2008.11.26"]
[SourceVersion "1"]
[SourceVersionDate "2008.11.26"]
[SourceQuality "1"]

1. e4 e6 2. d3 d5 3. Nd2 Nc6 4. Ngf3 Nf6 5. g3 dxe4 6. dxe4 e5 7. Bg2 Bc5 8. 0-0 0-0 9. Qe2 b6 10. Nb3 Bd6 11. Nh4 a5 12. Be3 Ng4 13. Bd2 Nf6 14. Nf5 Ne7 15. g4 Ba6 16. c4 Nd7 17. Rad1 a4 18. Nc1 Nc5 19. Bc3 Ng6 20. f4 f6 21. g5 Qe8 22. gxf6 Rxf6 23. Nxd6 cxd6 24. f5 Nh4 25. Bh1 g5 26. b4 axb3 27. axb3 Qf7 28. Qe3 h6 29. Rd2 b5 30. Bxe5 dxe5 31. Qxc5 bxc4 32. Rfd1 cxb3 33. Rd7 Qf8 34. Qxe5 Bc4 35. Rc7 Rd8 36. Rxd8 Qxd8 37. Rxc4 Ng6 0-1